STI review special issue on public support to industry

Saved in:
Bibliographic Details
Format: Book
Language:English
Published: Paris OECD 1998
Subjects:
Tags: Add Tag
No Tags, Be the first to tag this record!

MARC

LEADER 00000nam a2200000 4500
001 0027833
005 20240104132513.5
020 |a 92-64-15381-0 
022 |a 1010-5247 
041 0 |a eng 
044 |a FR 
245 1 0 |a STI review  |b special issue on public support to industry 
264 1 |a Paris  |b OECD  |c 1998 
300 |a 141 s. 
610 2 0 |a priemysel 
610 2 0 |a pomoc štátna 
610 2 0 |a subvencie 
610 2 0 |a dotácie 
610 2 0 |a dotácie štátne 
610 2 0 |a kontrola 
610 2 0 |a Európska únia 
610 2 0 |a Spojené kráľovstvo 
610 2 0 |a politika priemyselná 
610 2 0 |a svet 
610 2 0 |a OECD